| 000 | 00868nam a22002297a 4500 | ||
|---|---|---|---|
| 003 | OSt | ||
| 005 | 20210317123254.0 | ||
| 008 | 210317s2008 ck ao||gr|||| 00| 0 spa d | ||
| 020 | _a9789589754092 | ||
| 040 |
_aCO-JMCR _cCO-JMCR |
||
| 041 | 0 | _aspa | |
| 082 | 0 | 4 |
_a359.0986 / _bA727b _223 |
| 110 | 2 |
_aArmada República de Colombia _936222 |
|
| 245 | 1 | 0 |
_aBuque escuela : _bARC "Gloria" / _cArmada República de Colombia |
| 260 |
_aCartagena : _bConsuelo Mendoza Ediciones, _c2008 |
||
| 300 |
_a124 páginas : _bilustraciones y fotografías a color ; _c31 cm. |
||
| 505 | 0 | _aARC " Gloria" -- Crónicas de los protagonistas --Las entrañas del "Gloria" -- El embajador flotante | |
| 650 | 1 | 4 |
_aBuque Escuela ARC Gloria _xHistoria _936223 |
| 650 | 2 | 4 |
_aBuque Escuela ARC Gloria _xFotografías _936224 |
| 651 | 1 | 4 |
_zColombia _xHistoria naval _936225 |
| 942 |
_2ddc _cBK |
||
| 999 |
_c15410 _d15410 |
||